|
|
|
|
| LEADER |
00000nam0a2200000 4500 |
| 001 |
286666 |
| 005 |
20231101235920.0 |
| 020 |
|
|
|a RU
|b 85-71860
|
| 035 |
|
|
|a (RuTPU)RU\TPU\book\310992
|
| 090 |
|
|
|a 286666
|
| 100 |
|
|
|a 20150306d1985 k y0rusy5003 ca
|
| 101 |
0 |
|
|a rus
|
| 102 |
|
|
|a RU
|
| 105 |
|
|
|a a z 001zy
|
| 200 |
1 |
|
|a Механизмы магнитосферных суббурь
|f Е. А. Пономарев
|g Сибирский институт земного магнетизма, ионосферы и распространения радиоволн ; отв. ред. Ю. И. Гальперин
|
| 210 |
|
|
|a Москва
|c Наука
|d 1985
|
| 215 |
|
|
|a 159 с.
|c ил.
|d 21 см
|
| 320 |
|
|
|a Библиогр.: с. 150-157
|
| 606 |
1 |
|
|a Магнитные возмущения
|2 stltpush
|3 (RuTPU)RU\TPU\subj\40808
|9 60638
|
| 610 |
1 |
|
|a ночная магнитосфера
|
| 610 |
1 |
|
|a модели
|
| 610 |
1 |
|
|a параметры
|
| 610 |
1 |
|
|a частицы
|
| 610 |
1 |
|
|a высыпание
|
| 610 |
1 |
|
|a формирование
|
| 610 |
1 |
|
|a суббури
|
| 610 |
1 |
|
|a Земля
|
| 610 |
1 |
|
|a геомагнитный хвост
|
| 610 |
1 |
|
|a плазменный слой
|
| 610 |
1 |
|
|a энергетические соотношения
|
| 675 |
|
|
|a 550.385
|z rus
|v 3
|
| 700 |
|
1 |
|a Пономарев
|b Е. А.
|g Евгений Александрович
|4 070
|
| 702 |
|
1 |
|a Гальперин
|b Ю. И.
|4 340
|
| 712 |
0 |
2 |
|a Сибирский институт земного магнетизма, ионосферы и распространения радиоволн
|2 stltpush
|3 (RuTPU)RU\TPU\col\8421
|
| 801 |
|
0 |
|a RU
|b RuMRKP
|c 19950704
|g psbo
|
| 801 |
|
1 |
|a RU
|b 63413507
|c 20150306
|
| 801 |
|
2 |
|a RU
|b 63413507
|c 20170302
|g RCR
|
| 942 |
|
|
|c BK
|